000 00916nam0a22002531 4500
001 rc\1155790
005 20250622202150.0
035 _a(NLR Aleph) 006400777
090 _a5243621
_c5243621
100 _a20041129d1980 |||y0rusy50 ca
101 0 _arus
102 _aRU
105 _aa |||||||||
200 1 _aО системах понимания текста на естественном языке
_e(Соврем. зарубеж. работы)
210 _aНовосибирск
_cВЦ СО АН СССР
_d1980
215 _a45 с.
_cсхем.
_d21
225 1 _aПрепринт
_fАН СССР. Сиб. отд-ние. ВЦ
_v231
_iПроект "Восток"
_vВып. 3
320 _aБиблиогр.: с. 41-45
700 1 _aПерцова
_bН.Н.
_gНаталья Николаевна
801 0 _aRU
_bNLR
_gpsbo
801 1 _aRU
_bELAR
_2rusmarc
852 _aNLR
_j80-4/17991
942 _cBOOK
980 _aNB